| 000 | 00862nam1a2200277 i 4500 | ||
|---|---|---|---|
| 001 | RU\NLR\bibl\808095 | ||
| 005 | 20260406121300.0 | ||
| 035 | _a(NLR Aleph) 000797190 | ||
| 090 |
_a1158463 _c1158463 |
||
| 100 | _a20050608g20049999u y0rusy50 ca | ||
| 101 | 0 | _arus | |
| 102 | _aRU | ||
| 105 | _a||||z ||||| | ||
| 200 | 1 |
_aНезапертая дверь _e[роман _eв 2 т.] _fАлександра Маринина |
|
| 210 |
_aМосква _cЭксмо _d2004 |
||
| 215 | _d16 | ||
| 463 | 0 | _1001804331 | |
| 686 | _aШ6(2=Р)75-446 | ||
| 700 | 1 |
_4070 _8rus _7ca _aМаринина _bА. Б. _gАлександра Борисовна _f1957- _3RU\NLR\auth\77515 _9110564 |
|
| 801 | 0 |
_aRU _bNLR _c20050608 _gPSBO |
|
| 801 | 1 |
_aRU _bNLR _c20050608 |
|
| 852 |
_aNLR _j2005-2/2492 |
||
| 942 | _cBOOK | ||